LIBRARY & INFORMATION CENTRE, KCAET, TAVANUR

ONLINE PUBLIC ACCESS CATALOGUE (OPAC)

Normal view MARC view
  • Jayan( guide)

Entry Personal Name

Number of records used in: 1

001 - CONTROL NUMBER

  • control field: 5196

003 - CONTROL NUMBER IDENTIFIER

  • control field: OSt

005 - DATE AND TIME OF LATEST TRANSACTION

  • control field: 20220326114441.0

008 - FIXED-LENGTH DATA ELEMENTS

  • fixed length control field: 220326|| aca||aabn | a|a d

040 ## - CATALOGING SOURCE

  • Original cataloging agency: OSt
  • Transcribing agency: OSt

100 ## - HEADING--PERSONAL NAME

  • Personal name: Jayan( guide)

670 ## - SOURCE DATA FOUND

  • Source citation: Work cat.: (OSt): Suraja, A.R 5195, Development and performance evaluation of a windrower unit for KAU root crop harvester, 2022
free website counter